Vista normal Vista MARC

Entrada Nombre personal

Número de registros utilizados en: 4

001 - NÚMERO DE CONTROL

  • campo de control: 54804

003 - IDENTIFICADOR DE NÚMERO DE CONTROL

  • campo de control: SpMaBN

005 - FECHA Y HORA DE LA ÚLTIMA TRANSACCIÓN

  • campo de control: 20240215211645.0

008 - ELEMENTOS DE DATO DE LONGITUD-FIJA

  • campo de control de longitud fija: 901120nn aijnnaabn n aaa

016 ## - NÚMERO DE CONTROL DE UNA AGENCIA BIBLIOGRÁFICA NACIONAL

  • Número de control del registro: BNE19900570002

024 7# - IDENTIFICADOR DE OTROS ESTÁNDARES

  • Número estándar o código: http://viaf.org/viaf/311023894/
  • Fuente: viaf

024 7# - IDENTIFICADOR DE OTROS ESTÁNDARES

  • Número estándar o código: https://isni.org/isni/0000000059255025
  • Fuente: isni

040 ## - FUENTE DE CATALOGACIÓN

  • Centro catalogador/agencia de origen: SpMaBN
  • Lengua de catalogación: spa
  • Centro/agencia transcriptor: SpMaBN
  • Normas de descripción: rdc
  • Convención/Normas de encabezamiento de materia/tesauro: embne

046 ## - FECHAS CON CODIFICACIÓN ESPECIAL

  • Fecha de nacimiento: 1871
  • Fecha de la muerte: 1935

100 1# - ENCABEZAMIENTO-NOMBRE DE PERSONA

  • Nombre de persona: García Kohly, Mario,
  • Fechas asociadas al nombre: 1871-1935

375 ## - GÉNERO/SEXO

  • Género: Masculino

670 ## - FUENTE DE DATOS ENCONTRADOS

  • Cita de la fuente: Franklin, de François Auguste Alexis Mignet, 1919
  • Información encontrada: (traducción y prólogo de Mario García Kohly)

670 ## - FUENTE DE DATOS ENCONTRADOS

  • Cita de la fuente: Espasa, suplemento 1935
  • Información encontrada: (García Kohly, Mario: diplomático y orador cubano; n. en la Habana en 1871 y m. en Madrid en 1935)